000 02377cam a22004814i 4500
003 PE-LiUPU
005 20250731173147.0
008 150623s2001 miua rb 000 0 spa d
020 _a031023848X
035 _a(Sirsi) i9780310238485
040 _aPE-LiUPU
_bspa
_cPE-LiUPU
_erda
049 _aPRUA
082 0 4 _a248.4
_bB62
_221
100 1 _aBoa, Kenneth,
_eautor.
245 1 0 _aConformed to his image :
_bbiblical and practical approaches to spiritual formation /
_cKenneth Boa.
264 1 _aGrand Rapids, Michigan :
_bZondervan,
_c2001.
300 _a543 páginas :
_bilustraciones ;
_c24 centímetros
336 _atext
_2rdacontent
337 _aunmediated
_2rdamedia
338 _avolume
_2rdacarrier
500 _aGlosario (A-W).
504 _aIncluye bibliografía.
505 0 _aRelational spirtuality: Loving God completely, ourselves correctly, and others compassionately. Paradigm spirituality: cultivating an eternal versus a temporal perspective. Disciplined spirtuality: Engaging in the historical disciplines. Exchand life spirituality: Grasping our true identity in Christ. Motivated spirtuality: a set of biblical incentives. Devotional spirtuality: falling in love with God. Holistic spirtuality: Every component of life under the Lordship of Christ. Process spirituality: Process versus product, being versus doing. Spirit-filled spirituality:walking in the power of the spiritu. Warfare spirtuality: the world, the flesh and the devil. Nurturing spitituality: a lifestyle of evangeljsm and discipleship. Corporate spirtuality: Encoragement, accountability and worship.
526 _aSEG42
526 _aSEG41
526 _aSEG40
526 _aSEG39
526 _aP94
526 _aP87
526 _aP86
526 _aP85
526 _aP77
526 _aP76
526 _aP35
650 0 4 _aEspiritualidad.
650 0 4 _aVida cristiana.
942 _2ddc
_cBOOK
949 _a248.4 B62
_wDEWEY
_c1
_i53316
_d2016-5-9
_e2016-5-6
_lCCODEBUL1
_mBUL
_n2
_p25.00
_r0
_sY
_tBOOK
_u2015-6-24
_xTEOLOGIA
_PP35
_0COMPRA
_o.STAFF. Colección Teología
994 _aC0
_bPEPRU
596 _a1
999 _a248.4 B62
_wDEWEY
_c35279
_i53316
_d35279
_e2016-5-6
_f2021-11-10
_g5
_lCCODEBUL1
_mBUL
_n2
_p25.00
_r0
_sY
_tBOOK
_u2015-6-24
_xTEOLOGIA
_PP35
_0COMPRA
_o.STAFF. Colección Teología
980 _81
_gALBERTO SANCHEZ Responsable de Automatización